Técnicas para la formación del actor y actriz de cine, teatro y tv : (Registro nro. 69712)
[ vista simple ]
| 000 -LEADER | |
|---|---|
| fixed length control field | 01434nam a2200325 i 4500 |
| 001 - CONTROL NUMBER | |
| control field | 69712 |
| 003 - CONTROL NUMBER IDENTIFIER | |
| control field | Mx-PuUPA |
| 005 - DATE AND TIME OF LATEST TRANSACTION | |
| control field | 20220822130003.0 |
| 008 - FIXED-LENGTH DATA ELEMENTS--GENERAL INFORMATION | |
| fixed length control field | 220613s2019 ag a|||gr|||| 00| 0 spa d |
| 020 ## - INTERNATIONAL STANDARD BOOK NUMBER | |
| International Standard Book Number | 9781645218012 |
| 040 ## - CATALOGING SOURCE | |
| Original cataloging agency | Mx-PuUPA |
| Language of cataloging | spa |
| Transcribing agency | Mx-PuUPA |
| Modifying agency | Mx-PuUPA |
| Description conventions | rda |
| 041 0# - LANGUAGE CODE | |
| Language code of text/sound track or separate title | spa |
| 100 1# - MAIN ENTRY--PERSONAL NAME | |
| Personal name | Valera, Juan A. |
| Relator term | autor |
| 245 10 - TITLE STATEMENT | |
| Title | Técnicas para la formación del actor y actriz de cine, teatro y tv : |
| Remainder of title | descubre los primeros pasos para triunfar con la actuación / |
| Statement of responsibility, etc. | Juan A. Valera |
| 246 10 - VARYING FORM OF TITLE | |
| Title proper/short title | Manual práctico de actuación para principiantes : |
| Remainder of title | técnicas para la formación del actor y actriz de cine, teatro y tv, descubre los primeros pasos para triunfar con la actuación. |
| 264 #1 - PRODUCTION, PUBLICATION, DISTRIBUTION, MANUFACTURE, AND COPYRIGHT NOTICE | |
| Place of production, publication, distribution, manufacture | Córdoba, Argentina : |
| Name of producer, publisher, distributor, manufacturer | Editorial Imagen, |
| Date of production, publication, distribution, manufacture, or copyright notice | ©2019 |
| 300 ## - PHYSICAL DESCRIPTION | |
| Extent | viii, 202 páginas : |
| Other physical details | ilustraciones, tablas ; |
| Dimensions | 23 cm |
| 336 ## - CONTENT TYPE | |
| Fuente | rdacontent |
| Content type term | texto |
| Content type code | txt |
| 337 ## - MEDIA TYPE | |
| Source | rdamedia |
| Media type term | sin medio |
| Media type code | n |
| 338 ## - CARRIER TYPE | |
| Source | rdacarrier |
| Carrier type term | volumen |
| Carrier type code | nc |
| 490 0# - SERIES STATEMENT | |
| Series statement | Manual práctico de actuación para principiantes |
| 650 #7 - SUBJECT ADDED ENTRY--TOPICAL TERM | |
| Source of heading or term | armarc |
| Topical term or geographic name entry element | Actuación teatral |
| Form subdivision | Enseñanza |
| 650 #7 - SUBJECT ADDED ENTRY--TOPICAL TERM | |
| Source of heading or term | armarc |
| Topical term or geographic name entry element | Actuación cinematrográfica |
| Form subdivision | Técnicas |
| 650 #7 - SUBJECT ADDED ENTRY--TOPICAL TERM | |
| Source of heading or term | armarc |
| Topical term or geographic name entry element | Actuación televisiva |
| Form subdivision | Técnicas |
| 650 #7 - SUBJECT ADDED ENTRY--TOPICAL TERM | |
| Source of heading or term | armarc |
| Topical term or geographic name entry element | Actuación de método |
| 942 ## - ADDED ENTRY ELEMENTS (KOHA) | |
| Source of classification or shelving scheme | Dewey Decimal Classification |
| Koha item type | Libro |
| Classification part | 792.028092 |
| Item part | V135 |
| Withdrawn status | Lost status | Source of classification or shelving scheme | Damaged status | Not for loan | Collection code | Home library | Current library | Shelving location | Date acquired | Source of acquisition | Cost, normal purchase price | Total Checkouts | Full call number | Barcode | Date last seen | Date last checked out | Cost, replacement price | Price effective from | Koha item type |
|---|---|---|---|---|---|---|---|---|---|---|---|---|---|---|---|---|---|---|---|
| Dewey Decimal Classification | General | Biblioteca Karol Wojtyla | Biblioteca Karol Wojtyla | Sala general | 11/09/2024 | 23 | 273.01 | 1 | 792.028092 V135 2019 | 102656 | 05/01/2026 | 21/02/2023 | 273.01 | 11/09/2024 | Libro |